| 000 | 00958cam a22002771 4500 | ||
|---|---|---|---|
| 001 | 3225 | ||
| 003 | BD-RjUL | ||
| 005 | 20211208233709.0 | ||
| 008 | 160623s1959 cauab b s001 0 eng | ||
| 035 | _a(BD-RjUL)3259 | ||
| 035 | _a(OCoLC)232826 | ||
| 040 |
_aDLC _cDLC _dOCoLC _dDLC _beng |
||
| 041 | _aeng | ||
| 082 |
_a331.88097297 _216 _bKNT 1959 |
||
| 100 | 1 |
_aKnowles, William H. _910194 |
|
| 245 | 1 | 0 |
_aTrade union development and industrial relations in the British West Indies./ _bWilliam H Knowles, |
| 260 |
_aBerkeley ; _bUniversity of California Press, _c1959. |
||
| 300 |
_avi, 214 p. : _bill. ; _c25 cm. |
||
| 500 | _a"A publication of the Institute of Industrial Relations, University of California." | ||
| 504 | _aBibliography: p. [205]-210. | ||
| 526 | _bEconomics | ||
| 650 | 0 |
_aLabor unions _zWest Indies, British. _910195 |
|
| 650 | 0 |
_aIndustrial relations _zWest Indies, British. _910196 |
|
| 942 |
_2ddc _cBK |
||
| 999 |
_c3225 _d3225 |
||